000
00281nam a22001217a 4500
003
SGT
082
_a
808.0666 RAM
100
_a
RAMAN, MEENAKSHI
245
_a
TECHNICAL COMMUNICATION PRINCIPLES AND PRACTICE
250
_a
3rd
260
_a
NEW DELHI
_b
OXFORD
_c
2015
942
_2
ddc
_c
CD
999
_c
11253
_d
11253